Statistics for U.S States With the Letter V

Click here to take the quiz!

General Stats

  • This quiz has been taken 136 times
  • The average score is 5 of 5

Answer Stats

U.S States% Correct
Virginia
94%
West Virginia
94%
Vermont
93%
Nevada
91%
Pennsylvania
84%

Score Distribution

Percentile by Number Answered

Percent of People with Each Score

Your Score History

You have not taken this quiz